000 00368 a2200157 4500
001 154645
040 _cEscola São Tomás de Aquino
100 _aJAVIER, Gurriaran
240 1 0 _aA resistência na Guatemala
_lpor
245 1 0 _aA resistência na Guatemala
300 _a83
362 0 _a1992
440 1 _aEdições Loyola
697 _aHISTÓRIA
942 _cBK
999 _c154645
_d154645